अभिज्ञान शकुन्तल / (Record no. 115664)

MARC details
000 -LEADER
fixed length control field 01123nam a22002777a 4500
003 - CONTROL NUMBER IDENTIFIER
control field dpl
005 - DATE AND TIME OF LATEST TRANSACTION
control field 20190225113516.0
008 - FIXED-LENGTH DATA ELEMENTS--GENERAL INFORMATION
fixed length control field 190225b ||||| |||| 00| 0 eng d
010 ## - LIBRARY OF CONGRESS CONTROL NUMBER
LC control number B-070681
020 ## - INTERNATIONAL STANDARD BOOK NUMBER
Terms of availability 250.00
International Standard Book Number 8188066052
035 ## - SYSTEM CONTROL NUMBER
System control number B-070681, B-070685
037 ## - SOURCE OF ACQUISITION
Source of stock number/acquisition Cen Lib/Ret
040 ## - CATALOGING SOURCE
Original cataloging agency DPL
Language of cataloging HN
Transcribing agency 0
082 ## - DEWEY DECIMAL CLASSIFICATION NUMBER
Classification number 812
Item number कालिदा
100 ## - MAIN ENTRY--PERSONAL NAME
Personal name कालिदास
9 (RLIN) 62616
245 ## - TITLE STATEMENT
Title अभिज्ञान शकुन्तल /
Statement of responsibility, etc कालिदास
246 ## - VARYING FORM OF TITLE
Title proper/short title Abhigyan shakuntal
Remainder of title by Kalidass
260 ## - PUBLICATION, DISTRIBUTION, ETC. (IMPRINT)
Place of publication, distribution, etc दिल्ली
Name of publisher, distributor, etc जगत राम एंड कम्पनी
Date of publication, distribution, etc 2001
270 ## - ADDRESS
Address ए -334, नई सब्जी मंडी बेसमेंट आजादपुर
City दिल्ली
Postal code 110033
300 ## - PHYSICAL DESCRIPTION
Extent 224पृष्ठ.
Dimensions 21सेमी(सजिल्द)
650 ## - SUBJECT ADDED ENTRY--TOPICAL TERM
Topical term or geographic name as entry element हिंदी साहित्य
9 (RLIN) 62617
650 ## - SUBJECT ADDED ENTRY--TOPICAL TERM
Topical term or geographic name as entry element हिंदी नाटक-कालिदास
9 (RLIN) 131
650 ## - SUBJECT ADDED ENTRY--TOPICAL TERM
Topical term or geographic name as entry element hindi literature
9 (RLIN) 62618
650 ## - SUBJECT ADDED ENTRY--TOPICAL TERM
Topical term or geographic name as entry element Hindi play - Kalidasa
9 (RLIN) 62619
942 ## - ADDED ENTRY ELEMENTS (KOHA)
Source of classification or shelving scheme Dewey Decimal Classification
Koha item type Hindi Books
Classification part 812
Call number suffix कलिदा
Holdings
Withdrawn status Lost status Damaged status Not for loan Home library Current library Date acquired Source of acquisition Cost, normal purchase price Total Checkouts Full call number Barcode Date last seen Date checked out Copy number Cost, replacement price Price effective from Koha item type Source of classification or shelving scheme Collection code
        Central Library Central Library 21/08/2015 Cen Lib/Ret 250.00 2 812 कालिदा B-070681 20/08/2025 29/07/2025 1 250.00 21/08/2015 Hindi Books    
        Shahdara Branch Shahdara Branch 25/02/2019 BPPD/PUB 250.00   812 कलिदा B-070685 25/02/2019     250.00 25/02/2019 Hindi Books Dewey Decimal Classification Non-fiction

© Delhi Public Library
Hit Counter
free hit counter